[Event "SWYM"]
[Site "Witley ENG"]
[Date "2001.07.19"]
[Round "7"]
[White "Bromann,T"]
[Black "Addison,B"]
[Result "1-0"]
[WhiteElo "2321"]
[BlackElo "2218"]
[EventDate "2001.07.13"]

1. b3 e5 2. Bb2 Nc6 3. e3 d6 4. Bb5 Bd7 5. Nf3 Nf6 6. O-O a6 7. Bxc6 Bxc6
8. d4 e4 9. Nfd2 d5 10. c4 b5 11. Qc2 b4 12. f3 exf3 13. Nxf3 dxc4 14. bxc4
Be4 15. Qe2 Be7 16. Nbd2 O-O 17. Ne5 Bb7 18. e4 a5 19. Nd3 Nd7 20. d5 Ra6
21. e5 Rh6 22. a3 bxa3 23. Bxa3 Bxa3 24. Rxa3 Qh4 25. g3 Qd4+ 26. Qf2 Qxf2+
27. Rxf2 Ra8 28. Nb3 Rh5 29. Rxa5 Nxe5 30. Rxa8+ Bxa8 31. Nf4 Rh6 32. Re2
f6 33. Ra2 Nf3+ 34. Kf1 Bb7 35. Ra7 Rxh2 36. Rxb7 Rb2 37. Rxc7 Nh2+ 38. Ke1
Nf3+ 39. Kd1 Rxb3 40. Ne6 Ne5 41. Rxg7+ Kh8 42. Ra7 h5 43. Kc2 Rxg3 44. c5
Rg2+ 45. Kc3 Rg3+ 46. Kb4 Rg8 47. c6 Rc8 48. c7 h4 49. Kb5 Kh7 50. Ra4 Nf3
51. Rf4 Ng5 52. Rxh4+ Kg6 53. Nxg5 fxg5 54. Rc4 Kf5 55. Kc6 g4 56. Kd7 1-0

[Event "SWYM"]
[Site "Witley ENG"]
[Date "2001.07.19"]
[Round "7"]
[White "Hanley,C"]
[Black "Zhao Zong Yuan"]
[Result "0-1"]
[WhiteElo "2278"]
[BlackElo "2390"]
[EventDate "2001.07.13"]

1. c4 g5 2. d4 Bg7 3. Nc3 c5 4. d5 h6 5. g3 d6 6. Qc2 e5 7. e4 Ne7 8. Bg2
f5 9. exf5 Nxf5 10. Nge2 O-O 11. Bd2 Nd4 12. Nxd4 exd4 13. Ne4 Bf5 14. O-O
Nd7 15. f4 g4 16. Rae1 Qc7 17. Qd1 Rae8 18. b3 a6 19. Nf2 Nf6 20. h3 h5 21.
Rxe8 Rxe8 22. Re1 Qd7 23. hxg4 hxg4 24. Bf1 Ne4 25. Nxe4 Bxe4 26. Bg2 Bf5
27. Re2 Kf7 28. Kf2 d3 29. Rxe8 Qxe8 30. Qe1 Bd4+ 31. Kf1 Qh8 32. a4 a5 33.
Bc1 d2 0-1

[Event "SWYM"]
[Site "Witley ENG"]
[Date "2001.07.19"]
[Round "7"]
[White "Erwich,M"]
[Black "Thiruchelvam,M"]
[Result "1/2-1/2"]
[WhiteElo "2263"]
[BlackElo "2240"]
[EventDate "2001.07.13"]

1. e4 c6 2. d4 d5 3. exd5 cxd5 4. c4 Nf6 5. Nc3 e6 6. Nf3 Bb4 7. cxd5 Nxd5
8. Bd2 Nc6 9. a3 Be7 10. Bd3 Bf6 11. Nxd5 exd5 12. Qe2+ Be6 13. Bb5 O-O 14.
Bxc6 bxc6 15. O-O Bg4 16. Bc3 Qb6 17. Qd3 Bxf3 18. gxf3 Qb5 19. Qxb5 cxb5
20. Bb4 Rfe8 21. Bc5 Re2 22. b4 Rd2 23. Rfd1 Rb2 24. Rdb1 Rd2 25. Rd1 Rb2
1/2-1/2

[Event "SWYM"]
[Site "Witley ENG"]
[Date "2001.07.19"]
[Round "7"]
[White "Hinks Edwards,T"]
[Black "Broomfield,M"]
[Result "1/2-1/2"]
[WhiteElo "2316"]
[BlackElo "2271"]
[EventDate "2001.07.13"]

1. e4 Nf6 2. e5 Nd5 3. d4 d6 4. Nf3 g6 5. Bc4 c6 6. O-O Bg7 7. Re1 O-O 8.
h3 a5 9. a4 dxe5 10. Nxe5 Be6 11. Nd2 Nc7 12. c3 Bxc4 13. Ndxc4 Nd5 14. Nd3
e6 15. Qf3 Nd7 16. Nce5 Nxe5 17. dxe5 Qe7 18. b3 c5 19. Ba3 b6 20. c4 Nc7
21. Bb2 Na6 22. Bc3 Bh6 23. Qe4 Rad8 24. Rad1 Nb8 25. f4 Qc7 26. Nf2 Nc6
27. Ng4 Bg7 28. Nf6+ Bxf6 29. exf6 h6 30. Kh1 Rd7 31. f5 exf5 32. Qh4 Kh7
33. Bd2 Rxd2 34. Rxd2 Nd4 35. Rxd4 cxd4 36. Qxd4 Qd8 37. Qe5 Qc8 38. Qd6
Qb8 39. Qd5 Qd8 40. Qc6 g5 41. c5 bxc5 42. Qxc5 Kg6 43. Re5 Qxf6 44. Qxa5
f4 45. Qd5 1/2-1/2

[Event "SWYM"]
[Site "Witley ENG"]
[Date "2001.07.19"]
[Round "7"]
[White "Lappage,J"]
[Black "Trent,L"]
[Result "0-1"]
[WhiteElo "2208"]
[BlackElo "2249"]
[EventDate "2001.07.13"]

1. e4 c5 2. Nc3 Nc6 3. f4 g6 4. Nf3 Bg7 5. Bb5 Nd4 6. O-O Nxb5 7. Nxb5 d5
8. e5 d4 9. c3 a6 10. Na3 b5 11. cxd4 cxd4 12. b3 d3 13. Bb2 e6 14. Qe1 Bb7
15. Nb1 b4 16. Qe3 Qd5 17. Rc1 Nh6 18. Qb6 Qb5 19. Qxb5+ axb5 20. Nd4 O-O
21. a3 bxa3 22. Nxa3 b4 23. Nc4 Nf5 24. Rxa8 Rxa8 25. Ra1 Rd8 26. Nxf5 gxf5
27. Nd6 Bd5 28. Nc4 Bf8 29. g3 h5 30. h4 Bc5+ 31. Kh2 Kh7 32. Rf1 Ra8 33.
Ra1 Rxa1 34. Bxa1 Bxc4 35. bxc4 b3 36. Bc3 Bb4 37. Bb2 Bxd2 38. Kg2 Bc3 39.
Bxc3 d2 40. Bxd2 b2 0-1

[Event "SWYM"]
[Site "Witley ENG"]
[Date "2001.07.20"]
[Round "8"]
[White "Antal,Ge"]
[Black "Williams,S"]
[Result "1-0"]
[WhiteElo "2398"]
[BlackElo "2369"]
[EventDate "2001.07.13"]

1. e4 c5 2. Nf3 d6 3. d4 Nf6 4. Nc3 cxd4 5. Nxd4 g6 6. Be3 Bg7 7. f3 Nc6 8.
Qd2 O-O 9. O-O-O d5 10. exd5 Nxd5 11. Nxc6 bxc6 12. Nxd5 cxd5 13. Qxd5 Qc7
14. Qc5 Qb8 15. Qa3 a5 16. Bd3 Qe5 17. Be4 Rb8 18. Bd4 Qg5+ 19. Kb1 Bxd4
20. Rxd4 Qxg2 21. Rhd1 Qxh2 22. Qxa5 Be6 23. b3 Qg3 24. f4 Bg4 25. Qe1 Qh2
26. R1d2 Qh3 27. R4d3 Qh5 28. Qg3 Be6 29. Rh2 Qc5 30. f5 Bxf5 31. Rd5 Qc4
32. Qh4 g5 33. Qxg5+ Bg6 34. Bd3 Qc3 35. Rc5 Qd4 36. Bxg6 hxg6 37. Rd5 Qc3
38. Rd3 Qf6 39. Qc1 Rfc8 40. Rdh3 Rc3 41. Rh7 Rf3 42. Rh8+ 1-0

[Event "SWYM"]
[Site "Witley ENG"]
[Date "2001.07.20"]
[Round "8"]
[White "Mah,K"]
[Black "Gladyszev,O"]
[Result "1/2-1/2"]
[WhiteElo "2404"]
[BlackElo "2352"]
[EventDate "2001.07.13"]

1. d4 Nf6 2. c4 g6 3. Nc3 Bg7 4. e4 d6 5. f4 O-O 6. Nf3 c5 7. d5 e6 8. Be2
exd5 9. cxd5 Re8 10. Nd2 Na6 11. O-O Rb8 12. Kh1 Nc7 13. a4 Bd7 14. Bf3 b5
15. Re1 b4 16. Ncb1 h5 17. h3 Ng4 18. Re2 Qh4 19. Nc4 Nf2+ 20. Rxf2 Qxf2
21. Be3 Qh4 22. Nxd6 Nxd5 23. Qxd5 Bxh3 24. Qxf7+ Kh8 25. Bf2 Qxf2 26. Qxg6
Re6 27. Nf7+ Kg8 28. Nh6+ Kh8 1/2-1/2

[Event "SWYM"]
[Site "Witley ENG"]
[Date "2001.07.20"]
[Round "8"]
[White "Bromann,T"]
[Black "Ippolito,D"]
[Result "1/2-1/2"]
[WhiteElo "2321"]
[BlackElo "2394"]
[EventDate "2001.07.13"]

1. b3 d5 2. Bb2 c5 3. e3 Nf6 4. Nf3 g6 5. Bxf6 exf6 6. d4 cxd4 7. exd4 Bg7
8. Bd3 O-O 9. O-O f5 10. Nc3 a6 1/2-1/2

[Event "SWYM"]
[Site "Witley ENG"]
[Date "2001.07.20"]
[Round "8"]
[White "Zhao Zong Yuan"]
[Black "Sinkevich,P"]
[Result "1-0"]
[WhiteElo "2390"]
[BlackElo "2346"]
[EventDate "2001.07.13"]

1. e4 c5 2. Nf3 Nc6 3. Bb5 e6 4. O-O Nge7 5. Nc3 a6 6. Bxc6 Nxc6 7. d4 cxd4
8. Nxd4 Qc7 9. Re1 Be7 10. Nxc6 bxc6 11. e5 O-O 12. Bf4 f6 13. exf6 Qxf4
14. fxe7 Qxf2+ 15. Kh1 Re8 16. Ne4 Qh4 17. Nd6 Rxe7 18. Re4 Qf6 19. Qd2 a5
20. Rf4 Qe5 21. Re1 Qc5 22. Rc4 Qh5 23. Qe3 h6 24. h3 a4 25. Qb6 Ba6 26.
Rxa4 Qd5 27. Rxa6 Rxa6 28. Qd8+ Kh7 29. Qxe7 Rxa2 30. Rf1 Rxb2 31. Ne8 1-0

[Event "SWYM"]
[Site "Witley ENG"]
[Date "2001.07.20"]
[Round "8"]
[White "Bick,J"]
[Black "Skytte,R"]
[Result "0-1"]
[WhiteElo "2286"]
[BlackElo "2342"]
[EventDate "2001.07.13"]

1. d4 Nf6 2. c4 c5 3. d5 b5 4. Nf3 Bb7 5. a4 Qa5+ 6. Bd2 b4 7. Qc2 d6 8.
Bg5 Nbd7 9. Nfd2 h6 10. Be3 O-O-O 11. Nb3 Qc7 12. N1d2 e6 13. f3 exd5 14.
cxd5 Nxd5 15. Bf2 g5 16. e4 Nf4 17. Nc4 f5 18. e5 d5 19. Nd6+ Bxd6 20. exd6
Rhe8+ 21. Kd1 Qxd6 22. Nxc5 Kb8 23. Nxd7+ Rxd7 24. Bc5 Qe5 25. Bb5 Rc7 26.
Qf2 Rxc5 27. Qxc5 a6 28. Bxa6 Bxa6 29. Qxb4+ Ka8 30. Re1 Qxe1+ 31. Qxe1
Rxe1+ 32. Kxe1 Nxg2+ 33. Kd2 f4 34. b4 Bc4 35. Kc3 g4 0-1

[Event "SWYM"]
[Site "Witley ENG"]
[Date "2001.07.20"]
[Round "8"]
[White "Erwich,M"]
[Black "Hinks Edwards,T"]
[Result "0-1"]
[WhiteElo "2263"]
[BlackElo "2316"]
[EventDate "2001.07.13"]

1. e4 g6 2. d4 Bg7 3. Nf3 c6 4. c4 d5 5. cxd5 cxd5 6. e5 Bg4 7. Nc3 Nc6 8.
Be2 Bxf3 9. Bxf3 e6 10. O-O Nge7 11. Ne2 O-O 12. Bg5 Qb6 13. Qd2 Nf5 14.
Rfd1 h6 15. Bf4 g5 16. Be3 Qb4 17. Ng3 Qxd2 18. Rxd2 Nxg3 19. hxg3 Rac8 20.
Bd1 f6 21. exf6 Bxf6 22. Bg4 Kf7 23. f4 Nb4 24. Bd1 Rc4 25. Bb3 Rc7 26. Rf1
Ke7 27. Re2 Nc6 28. fxg5 hxg5 29. Ref2 Rcc8 30. Rxf6 Rxf6 31. Bxg5 Rcf8 32.
Rd1 Rg8 33. Bxf6+ Kxf6 34. Ba4 Rxg3 35. Bxc6 bxc6 36. Rc1 Rd3 37. Rxc6 Rxd4
38. Ra6 Rd2 39. b4 Rb2 40. a3 d4 41. Rxa7 e5 42. Kf1 Kf5 43. Rf7+ Ke4 44.
Ke1 d3 45. Rg7 Ke3 46. Rg3+ Kd4 47. Rg8 e4 48. Rg4 Ra2 49. b5 Rxa3 50. b6
Rb3 51. b7 0-1

[Event "SWYM"]
[Site "Witley ENG"]
[Date "2001.07.20"]
[Round "8"]
[White "Addison,B"]
[Black "Thiruchelvam,M"]
[Result "0-1"]
[WhiteElo "2218"]
[BlackElo "2240"]
[EventDate "2001.07.13"]

1. d4 Nf6 2. c4 c5 3. d5 b5 4. cxb5 a6 5. bxa6 Bxa6 6. Nc3 d6 7. Nf3 g6 8.
g3 Bg7 9. Bg2 O-O 10. O-O Nbd7 11. Qc2 Ra7 12. Rd1 Qa8 13. Nd2 Nb6 14. e4
Ng4 15. h3 Ne5 16. Nf1 Bxf1 17. Rxf1 Na4 18. f4 Nxc3 19. bxc3 Nc4 20. Rf2
Ra4 21. f5 Qa5 22. Bg5 Bxc3 23. Rd1 f6 24. Bh6 Ra8 25. Rf3 Bd4+ 26. Kh2 Ne5
27. Rb3 g5 28. Qe2 Rxa2 29. Qf1 Rf2 30. Rdb1 0-1

[Event "SWYM"]
[Site "Witley ENG"]
[Date "2001.07.20"]
[Round "8"]
[White "Broomfield,M"]
[Black "Middelburg,T"]
[Result "0-1"]
[WhiteElo "2271"]
[BlackElo "2373"]
[EventDate "2001.07.13"]

1. d4 d5 2. Nf3 c6 3. c4 e6 4. e3 Nf6 5. Bd3 Nbd7 6. b3 Bd6 7. Bb2 O-O 8.
Nbd2 b6 9. O-O Bb7 10. Rc1 c5 11. cxd5 exd5 12. Ne5 a6 13. f4 Rc8 14. Qf3
cxd4 15. Bxd4 Rxc1 16. Rxc1 Nc5 17. Bb1 Re8 18. Ng4 Be7 19. Qh3 Nce4 20.
Nxf6+ Bxf6 21. Bxe4 dxe4 22. Nc4 Bxd4 23. Rd1 Bc8 24. Qg3 Bxe3+ 25. Nxe3
Qe7 26. Nd5 Qd6 27. Qe3 Bg4 28. Rd2 Rd8 29. h3 Bf5 30. g4 Bc8 31. Rd1 f5
32. g5 Kf7 33. Qc3 Qc5+ 34. Qxc5 bxc5 35. Kf2 Bb7 36. Ne3 Rxd1 37. Nxd1 a5
38. Ne3 Ke6 39. a4 Bd5 0-1

[Event "SWYM"]
[Site "Witley ENG"]
[Date "2001.07.20"]
[Round "8"]
[White "Hanley,C"]
[Black "Lappage,J"]
[Result "1-0"]
[WhiteElo "2278"]
[BlackElo "2208"]
[EventDate "2001.07.13"]

1. c4 b6 2. Nc3 Bb7 3. e4 e6 4. Nf3 Bb4 5. Bd3 Bxc3 6. bxc3 d6 7. O-O Nf6
8. Re1 Nbd7 9. Bc2 O-O 10. d4 e5 11. Nh4 Re8 12. Nf5 g6 13. Nh6+ Kg7 14.
Bg5 Qc8 15. Qf3 Rf8 16. Re3 Ng8 17. Nxg8 Kxg8 18. Qg4 f6 19. Bh6 Re8 20. f4
exf4 21. Qxf4 Qd8 22. Rf1 Qe7 23. h4 c5 24. h5 g5 25. Qg3 Kh8 26. Rfe1 Rg8
27. e5 dxe5 28. dxe5 Nxe5 29. Rxe5 fxe5 30. Rxe5 Qf6 31. Bxg5 Qd6 32. Qe3
Qc6 33. Be4 Qc8 34. Bf6+ 1-0

[Event "SWYM"]
[Site "Witley ENG"]
[Date "2001.07.21"]
[Round "9"]
[White "Zhao Zong Yuan"]
[Black "Mah,K"]
[Result "1/2-1/2"]
[WhiteElo "2390"]
[BlackElo "2404"]
[EventDate "2001.07.13"]

1. e4 e6 2. Nf3 d5 3. Nc3 Nf6 4. e5 Nfd7 5. d4 c5 6. dxc5 Bxc5 7. Bd3 Nc6
8. Bf4 a6 9. Qe2 Nb4 10. O-O Be7 11. Qd2 Nxd3 12. cxd3 O-O 13. Rfe1 b5 14.
Ne2 a5 15. Qe3 Bc5 16. d4 Bb4 17. Rec1 Nb6 18. Bg5 Qd7 19. Bf6 gxf6 20.
exf6 Kh8 21. Qh6 Rg8 22. Ng5 Rxg5 23. Qxg5 Bf8 24. Rc3 h6 25. Rh3 Kh7 26.
Rc1 e5 27. Qxe5 Qd6 28. Qxd6 Bxd6 29. Rc6 Bxh3 30. Rxb6 Rg8 31. Rxd6 Rxg2+
32. Kf1 Rxh2+ 33. Ke1 Rh1+ 34. Kd2 Rb1 35. Nf4 Bg4 36. Rxd5 Rxb2+ 37. Ke3
Rxa2 38. Rxb5 a4 39. Rb7 Ra3+ 40. Kd2 Ra2+ 41. Ke3 1/2-1/2

[Event "SWYM"]
[Site "Witley ENG"]
[Date "2001.07.21"]
[Round "9"]
[White "Williams,S"]
[Black "Skytte,R"]
[Result "0-1"]
[WhiteElo "2369"]
[BlackElo "2342"]
[EventDate "2001.07.13"]

1. c4 d6 2. Nc3 e5 3. g3 g6 4. Bg2 Bg7 5. e4 Ne7 6. h4 h5 7. d3 Nbc6 8.
Nge2 Nd4 9. O-O Nxe2+ 10. Nxe2 Nc6 11. Be3 Bg4 12. f3 Be6 13. Rc1 Nd4 14.
Nxd4 exd4 15. Bg5 Qd7 16. Kh2 O-O 17. Qd2 Kh7 18. b3 c6 19. Rce1 Rac8 20.
Qa5 b6 21. Qa3 Rce8 22. Bf4 c5 23. Bd2 a5 24. f4 Bg4 25. Qb2 Re7 26. Qc2
Kg8 27. a3 f5 28. b4 axb4 29. axb4 Rfe8 30. b5 Qc7 31. Qb1 Kh7 32. Rf2 fxe4
33. dxe4 Qa7 34. e5 Bf5 35. Be4 Qd7 36. Bxf5 Qxf5 37. Qxf5 gxf5 38. Ra1
dxe5 39. fxe5 Rxe5 40. Ra6 Re2 0-1

[Event "SWYM"]
[Site "Witley ENG"]
[Date "2001.07.21"]
[Round "9"]
[White "Vigus,J"]
[Black "Bromann,T"]
[Result "1/2-1/2"]
[WhiteElo "2281"]
[BlackElo "2321"]
[EventDate "2001.07.13"]

1. d4 d5 2. c4 Nc6 3. Nc3 dxc4 4. Nf3 Nf6 5. e4 Bg4 6. Be3 e6 7. Bxc4 Bb4
8. Qc2 O-O 9. Rd1 Qe7 10. Be2 e5 11. d5 Nd4 12. Nxd4 exd4 13. Rxd4 Bxe2 14.
Kxe2 Bc5 15. Rd2 Bxe3 16. Kxe3 Ng4+ 17. Ke2 Qg5 18. Kd1 f5 19. exf5 Rxf5
20. Ne4 Qf4 21. h3 Nf6 22. Nxf6+ Rxf6 23. Re1 Qd6 24. g3 Rd8 25. f4 Rf7 26.
Re6 Qb4 27. Re5 Qb6 28. Qe4 Qg1+ 29. Qe1 Qxe1+ 30. Kxe1 Rfd7 31. Rc2 Rxd5
32. Rxd5 Rxd5 33. Rxc7 Ra5 34. Rxb7 Rxa2 35. Ke2 a5 36. Kf3 a4 37. f5 a3
38. bxa3 Rxa3+ 39. Kg4 Ra4+ 40. Kg5 Ra3 41. Kh4 Rc3 42. g4 Rf3 43. Rb8+ Kf7
44. Rh8 h6 45. Ra8 g5+ 46. fxg6+ Kxg6 47. Ra6+ Kg7 48. Ra1 Kg6 49. Rg1 Ra3
50. Rg3 Rxg3 51. Kxg3 h5 1/2-1/2

[Event "SWYM"]
[Site "Witley ENG"]
[Date "2001.07.21"]
[Round "9"]
[White "Ippolito,D"]
[Black "Hanley,C"]
[Result "1-0"]
[WhiteElo "2394"]
[BlackElo "2278"]
[EventDate "2001.07.13"]

1. d4 d5 2. c4 c6 3. Nf3 Nf6 4. Qb3 dxc4 5. Qxc4 Bf5 6. Nc3 Nbd7 7. g3 e6
8. Bg2 Be7 9. O-O O-O 10. a4 a5 11. e3 Ne4 12. Nd2 Nxd2 13. Bxd2 Qb6 14. e4
Bg6 15. Be3 Qb4 16. Qe2 Nb6 17. Rfc1 Rfd8 18. h4 f6 19. d5 cxd5 20. exd5
Nxd5 21. Nxd5 exd5 22. Bd2 Qd6 23. Bf4 Qb4 24. Rc7 Be4 25. Bxe4 dxe4 26.
Rc4 Qb3 27. Rxe4 Bc5 28. h5 Qd3 29. Re8+ 1-0

[Event "SWYM"]
[Site "Witley ENG"]
[Date "2001.07.21"]
[Round "9"]
[White "Middelburg,T"]
[Black "Palliser,R"]
[Result "1/2-1/2"]
[WhiteElo "2373"]
[BlackElo "2337"]
[EventDate "2001.07.13"]

1. e4 c5 2. Nf3 d6 3. d4 cxd4 4. Nxd4 Nf6 5. Nc3 a6 6. Be2 e5 7. Nb3 Be7 8.
Be3 Be6 9. O-O O-O 10. a4 Nc6 11. a5 Bxb3 12. cxb3 Nxa5 13. Nd5 Nc6 14. Bb6
Qd7 15. Nxf6+ Bxf6 16. Bg4 Qe7 17. Qd5 g6 18. Rfd1 h5 19. Bh3 Nd4 20. Kh1
Kg7 21. Rac1 Nb5 22. Rc4 Bg5 23. Qd3 Qe8 24. Qc2 a5 25. Qd3 Ra6 26. Rc8
Qxc8 27. Bxc8 Rxb6 28. Qc4 Bf6 29. Bd7 Nd4 30. Rd3 Rb4 31. Qd5 Rd8 32. Qxa5
Rxb3 33. Rxb3 Nxb3 34. Qb4 Rxd7 35. Qxb3 Kf8 36. g3 Ke7 37. Qb6 Ke8 38. Kg2
Bd8 39. Qa7 Rc7 40. h4 Ke7 41. Kf3 b6 42. Qa4 Rc5 43. b4 Rc3+ 44. Ke2 Rc4
45. Ke3 Rc3+ 46. Kd2 Rc4 47. Kd3 Rd4+ 48. Ke3 d5 49. exd5 Rxd5 50. Ke4 Rd2
51. Qb5 Bc7 52. Qc6 Rd4+ 53. Ke3 Bd6 54. Qxb6 1/2-1/2

[Event "SWYM"]
[Site "Witley ENG"]
[Date "2001.07.21"]
[Round "9"]
[White "Sinkevich,P"]
[Black "Bick,J"]
[Result "0-1"]
[WhiteElo "2346"]
[BlackElo "2286"]
[EventDate "2001.07.13"]

1. e4 e5 2. Nf3 Nf6 3. Nxe5 d6 4. Nf3 Nxe4 5. d4 d5 6. Bd3 Bd6 7. O-O O-O
8. c4 c6 9. Qc2 Na6 10. a3 Bg4 11. Nbd2 Nxd2 12. Nxd2 Qf6 13. c5 Bc7 14.
Nb3 Qh4 15. f4 Rae8 16. Qf2 Qh5 17. Be3 Bf5 18. Be2 Qg6 19. Rfe1 Nb8 20.
Nd2 Nd7 21. Nf3 Be4 22. Nh4 Qf6 23. Bg4 Qd8 24. Rad1 f5 25. Bh5 Re6 26. Be2
Nf6 27. g3 Rfe8 28. Bd3 R8e7 29. Bxe4 Nxe4 30. Qf3 g6 31. Bf2 Qe8 32. Ng2
Bd8 33. Re3 Rf7 34. Ne1 Bf6 35. Nc2 Rfe7 36. Rde1 Qf8 37. h4 h5 38. Qd1 Bg7
39. Qd3 Qe8 40. Kf1 Nf6 41. Rxe6 Rxe6 42. Rxe6 Qxe6 43. Qf3 Qe4 44. Qxe4
dxe4 45. Ke2 Kf7 46. Kd2 Ke6 47. Bg1 Nd5 48. b3 Bf6 49. Bf2 Bd8 50. Be3
Ba5+ 51. b4 Bd8 52. Bf2 Nf6 53. Bg1 Ng4 54. Kc3 Kd5 55. a4 Bc7 56. Be3 Nh2
57. Bg1 Nf1 58. Bf2 e3 59. Bxe3 Ke4 60. Bf2 Kf3 61. Be1 Nxg3 62. Bxg3 Kxg3
63. d5 cxd5 64. Nd4 Bxf4 65. Ne2+ Kf3 66. Nxf4 Kxf4 67. Kd4 Kg3 68. b5 f4
69. c6 bxc6 70. bxc6 f3 71. c7 f2 72. c8=Q f1=Q 73. Qd8 Qc4+ 74. Ke5 Qf4+
75. Ke6 Qe4+ 76. Kf7 Qf4+ 77. Kg7 d4 78. Qa5 d3 79. Qe1+ Kg2 80. Kh7 d2 81.
Qe2+ Qf2 82. Qe4+ Qf3 83. Qc2 Qf7+ 84. Kh8 Qd5 0-1

[Event "SWYM"]
[Site "Witley ENG"]
[Date "2001.07.21"]
[Round "9"]
[White "Thiruchelvam,M"]
[Black "Trent,L"]
[Result "1/2-1/2"]
[WhiteElo "2240"]
[BlackElo "2249"]
[EventDate "2001.07.13"]

1. e4 e5 2. Nf3 Nc6 3. Bb5 Nge7 4. O-O g6 5. c3 Bg7 6. d4 exd4 7. cxd4 d5
8. e5 O-O 9. h3 h6 10. Nc3 Be6 11. Nd2 Nf5 12. Bxc6 bxc6 13. Na4 Rb8 14. a3
a5 15. Nf3 Qe7 16. Bd2 c5 17. Bxa5 cxd4 18. Nxd4 Nxd4 19. Qxd4 Ra8 20. Bc3
f6 21. Qd1 fxe5 22. Bb4 Qg5 23. Bxf8 Bxf8 24. Nc3 Rd8 25. Kh1 e4 26. a4 Bd6
27. Ne2 Qh4 28. f4 Bc5 29. Qb3 e3 30. Rf3 Bf7 31. Qc2 Qe7 32. f5 g5 33. f6
Qd6 34. Ng3 d4 35. Ne4 d3 36. Qxc5 Qxc5 37. Nxc5 d2 38. Rxe3 d1=Q+ 39. Rxd1
Rxd1+ 40. Kh2 Rd2 41. b4 Bd5 42. Ne4 Rb2 43. b5 Kf7 44. Kg3 Ra2 45. Kg4
Rxa4 46. Kf5 Be6+ 47. Ke5 Ra5 48. Nc3 c6 49. Kd6 cxb5 50. Kc5 Ra3 51. Kxb5
Rb3+ 52. Kc5 Kxf6 53. Rf3+ Kg6 54. Kd4 Rb2 55. Ke5 Bc8 56. g4 Rb6 57. Rf8
Ba6 58. Nd5 Kg7 1/2-1/2

[Event "SWYM"]
[Site "Witley ENG"]
[Date "2001.07.21"]
[Round "9"]
[White "Broomfield,M"]
[Black "Erwich,M"]
[Result "1-0"]
[WhiteElo "2271"]
[BlackElo "2263"]
[EventDate "2001.07.13"]

1. Nf3 Nf6 2. d4 b6 3. Bg5 e6 4. Nbd2 Bb7 5. c3 Be7 6. e3 c5 7. Bd3 Nc6 8.
h4 h6 9. Bf4 d5 10. Ne5 O-O 11. Qf3 h5 12. Qg3 Nxe5 13. dxe5 Ne4 14. Nxe4
dxe4 15. Bh6 g6 16. Be2 Kh7 17. Bxf8 Bxf8 18. Qf4 Qc7 19. g4 Bh6 20. Qg3
hxg4 21. O-O-O Rd8 22. c4 Bg7 23. Rxd8 Bxe5 24. Rh8+ Kxh8 25. Qxg4 Bf6 26.
Qg3 Qxg3 27. fxg3 Bc6 28. g4 Kg7 29. g5 Be7 30. Rd1 Be8 31. Bg4 Ba4 32. b3
Bc6 33. Rd2 Be8 34. Kd1 Bc6 35. Ke2 Kf8 36. Kf2 Ke8 37. Kg3 Bf8 38. h5 gxh5
39. Bxh5 Ke7 40. Rf2 Be8 41. Kf4 Bc6 42. Kg4 Be8 43. Rf4 Bg7 44. Rxe4 e5
45. Kg3 Bc6 46. Rh4 Bd7 47. Bf3 Bf5 48. Be4 Bd7 49. Rh7 Kf8 50. Rh1 Ke7 51.
Rf1 Bh8 52. Bd5 Be8 53. Kf3 Bg7 54. Ke4 Bh8 55. Rh1 Bg7 56. Rh7 Kf8 57. Bb7
f6 58. gxf6 Bg6+ 59. Kxe5 Bxh7 1-0

[Event "SWYM"]
[Site "Witley ENG"]
[Date "2001.07.21"]
[Round "9"]
[White "Lappage,J"]
[Black "Addison,B"]
[Result "0-1"]
[WhiteElo "2208"]
[BlackElo "2218"]
[EventDate "2001.07.13"]

1. e4 e5 2. Nf3 Nc6 3. Bb5 a6 4. Bxc6 dxc6 5. O-O Qd6 6. c3 f6 7. d4 Bg4 8.
Be3 O-O-O 9. Nbd2 exd4 10. cxd4 Qe6 11. Qc2 Bd6 12. Rfc1 Ne7 13. Ne1 Qf7
14. Nc4 Ng6 15. f3 Be6 16. Nd3 f5 17. Nxd6+ Rxd6 18. Ne5 Qf6 19. Qc5 b6 20.
Qc3 Ne7 21. a4 fxe4 22. fxe4 Qh4 23. Qd3 Kb7 24. a5 b5 25. Qc2 Qh5 26. Qc3
Re8 27. Nd3 Bh3 28. Nf4 Qg4 29. Nxh3 Qxe4 30. Nf4 g5 31. Qd3 Nf5 32. Qxe4
Rxe4 33. Nh3 Rxe3 34. Nxg5 Re2 35. Nxh7 Rg6 36. g3 Rh6 37. Ng5 Rhxh2 38.
Nf3 Rhg2+ 0-1